The Acquisition of reading / (Record no. 185741)
[ view plain ]
| 000 -LEADER | |
|---|---|
| fixed length control field | 00699 a2200169 4500 |
| 003 - CONTROL NUMBER IDENTIFIER | |
| control field | Nust |
| 005 - DATE AND TIME OF LATEST TRANSACTION | |
| control field | 20230125131838.0 |
| 040 ## - CATALOGING SOURCE | |
| Transcribing agency | Nust |
| 082 ## - DEWEY DECIMAL CLASSIFICATION NUMBER | |
| Classification number | 428.4,ACQ |
| 100 ## - MAIN ENTRY--PERSONAL NAME | |
| Personal name | Murray, Frank B |
| 9 (RLIN) | 107642 |
| 245 ## - TITLE STATEMENT | |
| Title | The Acquisition of reading / |
| Statement of responsibility, etc. | Frank B . Murray and John j Pikulski |
| 260 ## - PUBLICATION, DISTRIBUTION, ETC. | |
| Place of publication, distribution, etc. | Baltimore |
| Name of publisher, distributor, etc. | University Park |
| 300 ## - PHYSICAL DESCRIPTION | |
| Extent | 179:p |
| 505 ## - FORMATTED CONTENTS NOTE | |
| Formatted contents note | Reading Acquisition (Page-1), Critique (Page-23), Reading as Thinking (Page-43), Critique (Page-55),How to Study Reading (Page-61), Information Processing (Page-91), Perception in The Acquisition (Page-99), Translating Research in Perception (Page-123), |
| 650 ## - SUBJECT ADDED ENTRY--TOPICAL TERM | |
| Topical term or geographic name entry element | Acquisition of reading |
| 9 (RLIN) | 107643 |
| 942 ## - ADDED ENTRY ELEMENTS (KOHA) | |
| Source of classification or shelving scheme | |
| Koha item type | Book |
| Call number prefix | 428.4,ACQ |
| Withdrawn status | Lost status | Source of classification or shelving scheme | Damaged status | Not for loan | Permanent Location | Current Location | Shelving location | Date acquired | Full call number | Barcode | Date last seen | Price effective from | Koha item type | Public note |
|---|---|---|---|---|---|---|---|---|---|---|---|---|---|---|
| Military College of Signals (MCS) | Military College of Signals (MCS) | General Stacks | 12/12/2016 | 428.4,ACQ | MCS20773 | 12/08/2016 | 12/12/2016 | Book | Amirah No. 54, Shelf No. 6 |
